000 00784cab a2200229 4500
001 X96805
008 090401t1999 xxu||||| |||| 00| 0 eng d
035 _a(Sirsi) u91470
041 _aeng
245 _aToor v Bassi
260 _c1999
350 _a0
490 _aEstates Gazette
_v[1999] EGCS 9 (13/02/99)
520 _a"Toor v Bassi" CA 20 January 1999. Plaintiff`s car left on defendant`s premises by departing tenant - defendant`s agent dealing unhelpfully with plaintiff`s demand for its return - car stolen - whether defendant liable for loss. Defendant`s appeal dismissed. (headnote from journal)
650 _aCHATTELS
650 _aLIABILITY
650 _aSTOLEN CAR
650 _aTOOR V BASSI
690 _aLAW-CASE LAW
942 _n0
948 _c19/02/1999
999 _c58073
_d58073